STN EN ISO 5167-1: 2023 (25 7710), Meranie prietoku tekutiny pomocou zariadení so snímačmi diferenčného tlaku vložených do úplne vyplneného potrubia kruhového prierezu Časť 1 Všeobecné zásady a požiadavky (ISO 5167-1: 2022)
Táto slovenská technická norma je slovenskou verziou európskej normy EN ISO 5167-1: 2022. Preklad zabezpečil Úrad pre normalizáciu, metrológiu a skúšobníctvo Slovenskej republiky. STN EN ISO 5167-1 má rovnaké postavenie, ako majú oficiálne verzie
| Other Authors: | |
|---|---|
| Format: | Book |
| Language: | Slovak English |
| PhysicalDescription: | 48 strán grafy, obrázky, tabuľky, vzorce 30 cm |
| Published: |
Bratislava
Úrad pre normalizáciu, metrológiu a skúšobníctvo Slovenskej republiky
2023
|
| Subjects: |
MARC
| LEADER | 00000nam a2200000 a 4500 | ||
|---|---|---|---|
| 001 | vtls012231185 | ||
| 003 | SK-MaSNL | ||
| 005 | 20260301014543.0 | ||
| 008 | 230602s2023 xo dal f nu 000 0 slo | ||
| 015 | |a SNBN2024 | ||
| 040 | |a SNK |b slo |c SNK |e AACR2 | ||
| 041 | 1 | |a slo |h eng | |
| 044 | |a xo |c SK | ||
| 046 | |a s |m 20230601 (účin.) | ||
| 072 | 7 | |a 532 |x Mechanika tekutín všeobecne. Mechanika kvapalín |2 konspekt | |
| 080 | |a 532.57 |2 2011 | ||
| 080 | |a 006.7/.8 |2 2011 | ||
| 080 | |a (437.6) |2 2011 | ||
| 080 | |a (4) |2 2011 | ||
| 084 | |a 17.120.10 |2 ICS | ||
| 130 | 0 | |a STN 25 7710 (STN EN ISO 5167-1) |9 303042 | |
| 245 | 1 | 0 | |a STN EN ISO 5167-1: 2023 (25 7710), Meranie prietoku tekutiny pomocou zariadení so snímačmi diferenčného tlaku vložených do úplne vyplneného potrubia kruhového prierezu |n Časť 1 |p Všeobecné zásady a požiadavky (ISO 5167-1: 2022) |
| 246 | 1 | 0 | |a Meranie prietoku tekutiny pomocou zariadení so snímačmi diferenčného tlaku vložených do úplne vyplneného potrubia kruhového prierezu. Časť 1 |
| 246 | 1 | 0 | |a Všeobecné zásady a požiadavky |
| 246 | 3 | 0 | |a ISO 5167-1: 2022 |
| 246 | 3 | 0 | |a EN ISO 5167-1: 2022 SK |
| 260 | |a Bratislava |b Úrad pre normalizáciu, metrológiu a skúšobníctvo Slovenskej republiky |c 2023 | ||
| 300 | |a 48 strán |b grafy, obrázky, tabuľky, vzorce |c 30 cm | ||
| 500 | |a Súbežný názov v angličtine, francúzštine, nemčine | ||
| 500 | |a Spracovateľ: Rudolf Rypák - EMITA, Piešťany | ||
| 500 | |a Táto slovenská technická norma nahrádza anglickú verziu STN EN ISO 5167-1 z októbra 2022, ktorá od 1.10.2022 nahradila STN EN ISO 5167-1 z júla 2005 v celom rozsahu | ||
| 504 | |a Normatívne referenčné dokumenty na strane 2 a bibliografia na strane 47 | ||
| 520 | 8 | |a Táto slovenská technická norma je slovenskou verziou európskej normy EN ISO 5167-1: 2022. Preklad zabezpečil Úrad pre normalizáciu, metrológiu a skúšobníctvo Slovenskej republiky. STN EN ISO 5167-1 má rovnaké postavenie, ako majú oficiálne verzie | |
| 540 | |a STN vydané na akomkoľvek nosiči sa môžu rozmnožovať a rozširovať iba so súhlasom určenej právnickej osoby |b SÚTN Bratislava |c zákon 60/2018 Z. z. | ||
| 650 | 0 | 7 | |a meranie prietoku |2 SNKPH |9 90967 |
| 650 | 0 | 7 | |a technické normy a štandardy |z Slovensko |2 SNKPH |9 79594 |
| 650 | 0 | 7 | |a technické normy a štandardy |z krajiny Európskej únie |2 SNKPH |9 289341 |
| 650 | 0 | 7 | |a prietokomery |2 SNKPH |9 13611 |
| 650 | 0 | 7 | |a Flow measurement |2 SNKPHeng |9 303043 |
| 650 | 0 | 7 | |a prietok |2 SNKPH |9 224767 |
| 655 | 7 | |a normy |2 SNKPH |9 70643 | |
| 700 | 1 | |a Rypák, Rudolf |4 trl |9 303044 | |
| 710 | 1 | |a Slovensko. |b Úrad pre normalizáciu, metrológiu a skúšobníctvo |4 stn |9 158117 | |
| 710 | 2 | |a Slovenský ústav technickej normalizácie (Bratislava, Slovensko). |b Technická komisia č. 110 Metrológia |4 stn |9 303045 | |
| 710 | 2 | |a EMITA (Piešťany, Slovensko) |4 stn |9 166433 | |
| 852 | |a Štátna vedecká knižnica v Banskej Bystrici | ||
| 958 | |a OP | ||
| 958 | |a NB | ||
| 999 | |c 558749 |d 560679 | ||
| 952 | |a SNK |b SNK |y PREZ |7 0 |p 17A1548120 |o snkSTN EN ISO 5167-1 |i snk2024/9571 |8 0 |0 0 |1 0 |4 0 |d 2024-06-17 |l 0 |r 2026-02-23 13:33:36 |w 2026-02-23 | ||


